书目信息 |
| 题名: |
电机电磁场理论与计算
|
|
| 作者: | 陈丕璋 著 | |
| 分册: | ||
| 出版信息: | 北京 科学出版社 1986 |
|
| 页数: | 342页 | |
| 开本: | 26cm | |
| 丛书名: | ||
| 单 册: | ||
| 中图分类: | TM301.3 , TM3 | |
| 科图分类: | ||
| 主题词: | 电机-电磁场 , 电磁场-电机 , 电机 | |
| 电子资源: | ||
| ISBN: | ||
| 000 | 00687nam0 2200265 45 | |
| 001 | 0186004379 | |
| 005 | 20040521110511.7 | |
| 010 | @dCNY5.15 | |
| 100 | @a19960127d1986 em y0chiy0121 ea | |
| 101 | 0 | @achi |
| 102 | @aCN@b110000 | |
| 105 | @ay z 000yy | |
| 106 | @ar | |
| 200 | 10 | @a电机电磁场理论与计算@Adian ji dian ci chang li lun yu ji suan@f陈丕璋等著 |
| 210 | @a北京@c科学出版社@d1986 | |
| 215 | @a342页@d26cm | |
| 606 | @a电机-电磁场 | |
| 606 | @a电磁场-电机 | |
| 606 | 0 | @a电机 |
| 690 | @aTM301.3@v3 | |
| 690 | @aTM3 | |
| 701 | 0 | @a陈丕璋@4著@Achen pi zhang |
| 801 | 0 | @aCN@b深圳图书馆@c20040521 |
| 801 | 2 | @aCN@bNLC@c20040521 |
| 905 | @f2@b157614-615@dTM3@e23 | |
| 电机电磁场理论与计算/陈丕璋等著.-北京:科学出版社,1986 |
| 342页;26cm |
| ISBN :CNY5.15 |
| ● |
| 相关链接 |
|
|
|
|
正题名:电机电磁场理论与计算
索取号:TM3/23
 
预约/预借
| 序号 | 登录号 | 条形码 | 馆藏地/架位号 | 状态 | 备注 |
| 1 | 0157614 | 001344316 | 密集书库/ [索取号:TM3/23] | 在馆 | |
| 2 | 0157615 | 001344281 | 第三借阅区/ [索取号:TM3/23] | 在馆 | |
| 3 | 0157616 | 202448538 | 第二样本阅览室/ [索取号:TM3/23] | 在馆 |